| 000 | 00351cam a22001217a 4500 | ||
|---|---|---|---|
| 008 | 180718b1989 xxu||||| |||| 00| 0 eng d | ||
| 082 | _aJ4x5421 Sh23 | ||
| 100 | _aSharma, R.C. | ||
| 245 |
_aRegional planning for social developmnent _cby R.C. Sharma |
||
| 260 |
_aDelhi _bCriterion _c1989 |
||
| 300 | _a400p. | ||
| 650 | _aRegional planning - India - U.P. | ||
| 999 |
_c354491 _d354491 |
||